Monsters vs aliens [DVD/videorecording] / ... Read More
Available copies
- 2 of 2 copies available at LARL/NWRL Consortium.
Current holds
0 current holds with 2 total copies.
Show Only Available Copies
| Location | Call Number / Copy Notes | Barcode | Shelving Location | Status | Due Date |
|---|---|---|---|---|---|
| Karlstad LINK Site | DVD j MON (Text) | 35500005535107 | Main | Available | - |
| Thief River Falls Public Library | DVD j MON (Text) | 35500004575518 | Main | Available | - |
Record details
- ISBN: 9786313109494
- ISBN: 1415750254
- ISBN: 9781415750254
- Physical Description: 1 videodisc (94 min.) : sd., col. ; 4 3/4 in.
- Publisher: [Glendale, CA] : DreamWorks Home Entertainment, c2009.
Content descriptions
| General Note: | Special features: Filmmakers' commentary; "Modern monster movie-making" featurette; "Tech of MVA" ... Read More |
| Creation/Production Credits Note: | Editors, Joyce Arrastia, Eric Dapkewicz ; music, ... Read More |
| Participant or Performer Note: | Voices: Reese Witherspoon, Seth Rogen, Hugh ... Read More |
| Summary, etc.: | Susan Murphy gets turned into a giant monster on ... Read More |
| Target Audience Note: | MPAA rating: PG; for sci-fi action, some crude ... Read More |
| System Details Note: | DVD, region 1, widescreen (2.35) presentation; ... Read More |
| Language Note: | English (Dolby 5.1, Dolby 2.0), dubbed French ... Read More |
Search for related items by subject
| Subject: | Monsters > Drama. Extraterrestrial beings > Drama. Military bases > United States > Drama. Generals > United States > Drama. Presidents > United States > Drama. Battles > United States > Drama. |
| Genre: | Animated films. Fantasy films. Science fiction films. |
| LDR | 03662cgm a2200685Ia 4500 | ||
|---|---|---|---|
| 001 | 108952 | ||
| 003 | LARL_NWRL_CONSORTIUM | ||
| 005 | 20090929075151.0 | ||
| 007 | vd cvaizk | ||
| 008 | 090709s2009 cau094 vaeng d | ||
| 020 | . | ‡a9786313109494 | |
| 020 | . | ‡a1415750254 | |
| 020 | . | ‡a9781415750254 | |
| 024 | 1 | 0. | ‡a097361197548 |
| 028 | 4 | 2. | ‡a11975 ‡bDreamWorks Home Entertainment |
| 035 | . | ‡a(OCoLC)423402704 | |
| 037 | . | ‡bMidwest Tape ‡nhttp://www.midwesttapes.com | |
| 040 | . | ‡aTEFMT ‡cTEFMT ‡dTEF ‡dBTCTA ‡dGK8 ‡dRNC ‡dGK8 ‡dIA4 | |
| 041 | 1 | . | ‡aeng ‡afre ‡aspa ‡heng |
| 043 | . | ‡an-us--- | |
| 082 | 0 | 4. | ‡a791.43/72 ‡222 |
| 245 | 0 | 0. | ‡aMonsters vs aliens ‡h[DVD/videorecording] / ‡cDreamWorks Animation presents ; produced by Lisa Stewart ; story by Rob Letterman & Conrad Vernon ; screenplay by Maya Forbes ... [et al.] ; directed by Rob Letterman, Conrad Vernon. |
| 260 | . | ‡a[Glendale, CA] : ‡bDreamWorks Home Entertainment, ‡cc2009. | |
| 300 | . | ‡a1 videodisc (94 min.) : ‡bsd., col. ; ‡c4 3/4 in. | |
| 538 | . | ‡aDVD, region 1, widescreen (2.35) presentation; Dolby Digital 5.1 surround, Dolby Digital 2.0 stereo. | |
| 546 | . | ‡aEnglish (Dolby 5.1, Dolby 2.0), dubbed French (Dolby 5.1) or dubbed Spanish (Dolby 5.1) dialogue, English, French or Spanish subtitles; closed-captioned. | |
| 511 | 0 | . | ‡aVoices: Reese Witherspoon, Seth Rogen, Hugh Laurie, Will Arnett, Kiefer Sutherland, Rainn Wilson, Stephen Colbert, Paul Rudd. |
| 508 | . | ‡aEditors, Joyce Arrastia, Eric Dapkewicz ; music, Henry Jackman ; production designer, David James ; head of character animation, David Burgess.. | |
| 521 | 8 | . | ‡aMPAA rating: PG; for sci-fi action, some crude humor and mild language. |
| 520 | . | ‡aSusan Murphy gets turned into a giant monster on her wedding day when a meteorite from outer space hits her. She is taken to a secret government compound where she meets a ragtag group of monsters also rounded up over the years. As a last resort, under the guidance of General W.R. Monger, on a desperate order from The President, the motley group of Monsters are called into action to combat the aliens and save the world from imminent destruction. | |
| 500 | . | ‡aSpecial features: Filmmakers' commentary; "Modern monster movie-making" featurette; "Tech of MVA" featurette; Deleted scenes; DreamWorks animation video jukebox; Trailers. | |
| 650 | 0. | ‡aMonsters ‡vDrama. | |
| 650 | 0. | ‡aExtraterrestrial beings ‡vDrama. | |
| 650 | 0. | ‡aMilitary bases ‡zUnited States ‡vDrama. | |
| 650 | 0. | ‡aGenerals ‡zUnited States ‡vDrama. | |
| 650 | 0. | ‡aPresidents ‡zUnited States ‡vDrama. ‡0(LARL_NWRL_CONSORTIUM)174380 | |
| 650 | 0. | ‡aBattles ‡zUnited States ‡vDrama. | |
| 655 | 0. | ‡aAnimated films. ‡0(LARL_NWRL_CONSORTIUM)175704 | |
| 655 | 7. | ‡aFantasy films. ‡2gsafd ‡0(LARL_NWRL_CONSORTIUM)175666 | |
| 655 | 7. | ‡aScience fiction films. ‡2gsafd ‡0(LARL_NWRL_CONSORTIUM)175747 | |
| 700 | 1 | . | ‡aStewart, Lisa. ‡0(LARL_NWRL_CONSORTIUM)183667 |
| 700 | 1 | . | ‡aLetterman, Rob. ‡0(LARL_NWRL_CONSORTIUM)209170 |
| 700 | 1 | . | ‡aVernon, Conrad. ‡0(LARL_NWRL_CONSORTIUM)210093 |
| 700 | 1 | . | ‡aForbes, Maya. ‡0(LARL_NWRL_CONSORTIUM)213864 |
| 700 | 1 | . | ‡aWitherspoon, Reese, ‡d1976- ‡0(LARL_NWRL_CONSORTIUM)146191 |
| 700 | 1 | . | ‡aRogen, Seth, ‡d1982- ‡0(LARL_NWRL_CONSORTIUM)210663 |
| 700 | 1 | . | ‡aLaurie, Hugh, ‡d1959- ‡0(LARL_NWRL_CONSORTIUM)151291 |
| 700 | 1 | . | ‡aArnett, Will. ‡0(LARL_NWRL_CONSORTIUM)210495 |
| 700 | 1 | . | ‡aSutherland, Kiefer, ‡d1966- ‡0(LARL_NWRL_CONSORTIUM)141446 |
| 700 | 1 | . | ‡aWilson, Rainn, ‡d1968- ‡0(LARL_NWRL_CONSORTIUM)210774 |
| 700 | 1 | . | ‡aColbert, Stephen, ‡d1964- ‡0(LARL_NWRL_CONSORTIUM)189911 |
| 700 | 1 | . | ‡aRudd, Paul. ‡0(LARL_NWRL_CONSORTIUM)141071 |
| 710 | 2 | . | ‡aDreamWorks Animation. ‡0(LARL_NWRL_CONSORTIUM)196623 |
| 710 | 2 | . | ‡aDreamWorks Home Entertainment (Firm) ‡0(LARL_NWRL_CONSORTIUM)145445 |
| 901 | . | ‡a108952 ‡bOCLC ‡c108952 ‡tbiblio | |

Add to basket
Permalink
Disable Highlighting